000 00646nam a2200205Ia 4500
003 GCL
005 20240530102107.0
008 140319s9999 xx 000 0 ara d
040 _aGCL /
_cGCL
082 0 4 _a415.1
_bع ت
100 1 _aعبدالله الحسينى هلال
245 1 0 _aتذكير المؤنث بين القياس والسماع /
_cعبدالله الحسينى هلال
260 _a[القاهرة] :
_bمطبعه السعادة ،
_c1990
300 _a88 ص
650 0 4 _aالنحو
650 0 4 _aاللغة العربية
650 0 4 _aالمفعول
650 0 4 _aالصفة والموصوف
942 _2ddc
_cBK
999 _c29778
_d29778